| 000 | 00956nas a2200301 4500 | ||
|---|---|---|---|
| 001 | BR2013005660 | ||
| 003 | BR-BrBNA | ||
| 005 | 20231205122656.0 | ||
| 007 | ta | ||
| 008 | 230509b bl.|||p| |||| 00| 00por d | ||
| 040 |
_aBR-BrBNA _bpor _cBiblioteca Nacional de Agricultura |
||
| 041 | _a(Pt) | ||
| 072 | _aL40 | ||
| 100 | 1 | _aSantos, C.M. | |
| 100 | 1 | _aDuarte, S. | |
| 100 | 1 | _aSouza, T.G.L. | |
| 100 | 1 | _aRibeiro, T.P. | |
| 100 | 1 | _aSales, A. | |
| 100 | 1 | _aAraújo, F.G. | |
| 245 | 1 | _aHistologia e caracterização hitoquímica do tubo gastrintestinal de Pimelolus maculatus (Pimeloididae, Siluriformes)no reservatório de Funil, Rio de Janeiro, Brasil | |
| 650 | _aBAGRE | ||
| 650 | _aHISTOLOGIA | ||
| 650 | _aGLICOPROTEÍNA | ||
| 650 | _aANATOMIA | ||
| 773 | 0 |
_tIheringia. Série Zoologia (Brazil) _xISSN 0073-4721 _g(Dec 2007), v. 97(4) p. 411-417 _wBR2013005660 |
|
| 909 |
_a202311 _bLúcia _c55 _dLúcia Elande |
||
| 942 |
_2AGRIS _n0 _cANA |
||
| 999 |
_c229915 _d229915 |
||